Score 0/10 Timer 02:00
0 Plays Today
% Correct
Charisma Carpenter
77.4%
Alexis Denisof
67.9%
David Boreanaz
64.2%
Amy Acker
62.3%
J August Richards
58.5%
Andy Hallett
52.8%
James Marsters
39.6%
Glenn Quinn
37.7%
Vincent Kartheiser
37.7%
Mercedes McNab
32.1%

You're not logged in!

Compare scores with friends on all Sporcle quizzes.
OR
Log In

Sporcle TV

Today on Sporcle TV


Watch our educational content, quiz creation guides, and fun videos on Sporcle TV.

Show Comments

Extras

Top Quizzes Today


Score Distribution

Paid Content

Your Account Isn't Verified!

In order to create a playlist on Sporcle, you need to verify the email address you used during registration. Go to your Sporcle Settings to finish the process.

Report this User

Report this user for behavior that violates our Community Guidelines.

Details: